Ranczo - Statystyki

Ogólne statystyki
  • Ten quiz został rozwiązany 134 razy
  • Średni wynik to 10 z 15
Statystyki odpowiedzi
Hint Odpowiedź % Poprawnych
Prezes PPU Paweł Kozioł
90%
Właścicielka sklepu Krystyna Więcławska
87%
Biskup pomocniczy (brat prezesa) Piotr Kozioł
85%
Amerykanka mieszkająca w dworku Lucy Wilska
83%
Wicepremier RP Arkadiusz Czerepach
82%
Miała romans z magistrem Halina Kozioł
80%
Główna księgowa gminy Leokadia Czerepach
77%
Mąż Michałowej Stanisław Japycz
77%
Kosmetyczka, miała kozy Celina Hadziuk
68%
Malarz, wieloletni abstynent- Kusy Jakub Sokołowski
63%
Policjant, mąż Wioletki Stanisław Kotecki
54%
Magister z apteki Ryszard Polakowski
53%
Agentka Kusego Monika Korczab
44%
Dyrektorka szkoły Wiesława Oleś
35%
Wiceminister Sprawiedliwości Jędrzej Kowalski
17%
Nie znaleziono quizów pasujących do podanych kryteriów
Rozkład punktacji
Procent ludzi z każdym wynikiem
Percentyl według liczby udzielonych odpowiedzi
Twoja historia wyników
Nie rozwiązałeś tego quizu